The altar fire; (Record no. 6216)
[ view plain ]
| 000 -LEADER | |
|---|---|
| fixed length control field | 00434cam a2200157u 4500 |
| 001 - CONTROL NUMBER | |
| control field | 6981397 |
| 005 - DATE AND TIME OF LATEST TRANSACTION | |
| control field | 20250603134350.0 |
| 008 - FIXED-LENGTH DATA ELEMENTS--GENERAL INFORMATION | |
| fixed length control field | 810109s1954 enk 000 0 eng |
| 050 00 - LIBRARY OF CONGRESS CALL NUMBER | |
| Classification number | BV825 |
| Item number | .W9 |
| 100 1# - MAIN ENTRY--PERSONAL NAME | |
| Personal name | Wyon, Olive, |
| Dates associated with a name | 1881-1966. |
| 245 14 - TITLE STATEMENT | |
| Title | The altar fire; |
| Remainder of title | reflections on the sacrament of the eucharist |
| 260 ## - PUBLICATION, DISTRIBUTION, ETC. | |
| Place of publication, distribution, etc. | London, |
| Name of publisher, distributor, etc. | SCM Press |
| Date of publication, distribution, etc. | [1954] |
| 300 ## - PHYSICAL DESCRIPTION | |
| Extent | 126 p. |
| Dimensions | 19 cm. |
| 650 #0 - SUBJECT ADDED ENTRY--TOPICAL TERM | |
| Topical term or geographic name entry element | Lord's Supper. |
| 942 ## - ADDED ENTRY ELEMENTS (KOHA) | |
| Source of classification or shelving scheme | Library of Congress Classification |
| Koha item type | Books |
| Suppress in OPAC | No |
| 999 ## - | |
| -- | 6216 |
| -- | 6216 |
| Withdrawn status | Lost status | Source of classification or shelving scheme | Damaged status | Not for loan | Collection | Home library | Current library | Shelving location | Date acquired | Total checkouts | Full call number | Barcode | Date last seen | Copy number | Price effective from | Koha item type |
|---|---|---|---|---|---|---|---|---|---|---|---|---|---|---|---|---|
| Library of Congress Classification | Non-fiction | Undergraduate Library (Christ Temple) | Undergraduate Library (Christ Temple) | General stacks | 06/03/2025 | BV825.5 WYO | ulct00002945 | 06/03/2025 | 1 | 05/30/2025 | Books |